000 02423nam a22003497a 4500
005 20091214094855.0
008 091214t xxu||||| |||| 00| 0 eng d
010 _aB-379866-876
020 _a9788184510171
_c200.00
035 _aB-379866-876
037 _bUBH
040 _adpl
_bEnglish
082 _a503
245 _aEveryday life /
_ccompiled by Meesha Malhotra
260 _aNew Delhi
_bDreamland Publications
_c2008
270 _aJ-128, Kirti Nagar,
_bNew Delhi
_e110015
300 _a80p.:
_bcol. ill.
_c28cm(Hb)
490 _aKid's first library of knowledge
_vbook-3
942 _2ddc
_cCH
_mEVE
_h503
999 _c32698
_d32698